| 000 | 00587cam a22001935a 4500 | ||
|---|---|---|---|
| 001 | L129472 | ||
| 008 | 050421s1839 xxk 000 0 eng u | ||
| 035 | _a(Sirsi) u129472 | ||
| 041 | _aeng | ||
| 110 |
_aTithe Commission _94696 |
||
| 245 | 0 | 1 | _a[Documents concerning the commutation of tithes] |
| 260 | _c1839 | ||
| 300 |
_a1 v. _bill _c33cm. |
||
| 520 | _aBound volume containing various acts and forms to amend or commute tithes. | ||
| 583 |
_aCondition reviewed _c20120620 _lcondition level 4 |
||
| 651 | 4 |
_aGreat Britain _y1707- |
|
| 690 | _aFinance and taxation | ||
| 942 | _n0 | ||
| 999 |
_c104205 _d104205 |
||